00314nam a2200121Ia 4500008004100000040001700041041001200058082001800070100002100088245004000109260003200149300001100181230917s9999||||xx |||||||||||||| ||und|| e158441aMAIN aEnglish a363.728 R137M aRamachandra, T V 0aManagement of Municipal solid waste aNew DelhibTeri Pressc2009 a321 p.